Digital image processing for medical applications / (رقم التسجيلة. 21622)
[ عرض عادي ]
| 000 -الفاتح | |
|---|---|
| حقل البيانات ثابتة الطول | 01851cam a22003614a 4500 |
| 001 - رقم الضبط | |
| رقم الضبط | 15373685 |
| 003 - محدد رقم الضبط | |
| رقم الضبط | OSt |
| 005 - وقت وتاريخ اخر تعامل مع التسجيلة | |
| رقم الضبط | 20150408114016.0 |
| 008 - عناصر البيانات ثابتة الطول - معلومات عامة | |
| حقل البيانات ثابتة الطول | 080717s2009 enkaf b 001 0 eng |
| 010 ## - رقم ضبط مكتبة الكونجرس | |
| رقم ضبط مكتبة الكونجرس | 2008031555 |
| 016 7# - رقم ضبط الوكاله الوطنية للضبط الببليوجرافي | |
| رقم ضبط التسجيلة | 101479116 |
| المصدر | DNLM |
| 020 ## - الرقم الدولى المعيارى للكتب | |
| الرقم الدولى المعيارى للكتاب | 9780521860857 (hardback) |
| 020 ## - الرقم الدولى المعيارى للكتب | |
| الرقم الدولى المعيارى للكتاب | 0521860857 (hardback) |
| 035 ## - رقم ضبط النظام | |
| رقم ضبط النظام | (OCoLC)ocn233543964 |
| 040 ## - مصدر الفهرسة | |
| وكالة الفهرسة الأصلية | DNLM/DLC |
| وكالة النسخ | DLC |
| وكالة التعديل | NLM |
| -- | BTCTA |
| -- | BAKER |
| -- | YDXCP |
| -- | EGM |
| -- | CDX |
| -- | BWKUK |
| -- | BWK |
| -- | DLC |
| 042 ## - رمز التحقق | |
| رمز التحقق | pcc |
| 050 00 - رقم طلب مكتبة الكونجرس | |
| رقم التصنيف | RC78.7.D53 |
| رقم المادة | D72 2009 |
| 082 00 - رقم تصنيف ديوى العشرى | |
| رقم التصنيف | 616.0754 |
| رقم الطبعة | 22 |
| 100 1# - المدخل الرئيسى - إسم شخصى | |
| الإسم الشخصى | Dougherty, Geoff, |
| التواريخ المصاحبة للاسم | 1950- |
| 9 (RLIN) | 12840 |
| 245 10 - بيان العنوان | |
| العنوان | Digital image processing for medical applications / |
| بيان المسئوليه,etc | Geoff Dougherty. |
| 260 ## - PUBLICATION, DISTRIBUTION, ETC. (IMPRINT) | |
| مكان الناشر او الموزع | Cambridge, UK ; |
| -- | New York : |
| اسم الناشر او الموزع | Cambridge University Press, |
| تاريخ النشر أو التوزيع | 2009. |
| 300 ## - الوصف المادى | |
| التعداد | xii, 447 p.. [21] p. of plates : |
| تفاصيل ماديه اخرى للوعاء | ill. (some col.) ; |
| أبعاد الوعاء | 26 cm. |
| 504 ## - تبصرة ببليوجرافية | |
| تبصرة ببليوجرافية,الخ | Includes bibliographical references and index. |
| 505 0# - تبصرة محتويات-الفهرس | |
| تبصرة المحتويات المصاغة | Imaging systems -- Medical images obtained with ionizing radiation -- Medical images obtained with non-ionizing radiation -- Fundamentals of digital image processing -- Image enhancement in the spatial domain -- Image enhancement in the frequency domain -- Image restoration -- Morphological image processing -- Image segmentation -- Feature recognition and classification -- Three-dimensional visualization -- Medical applications of imaging -- Frontiers of image processing in medicine. |
| 650 #0 - المدخل الاضافى بالموضوع-مصطلح موضوعى | |
| مصطلح موضوعي أو اسم جغرافي كعنصر مدخل | Diagnostic imaging |
| التقسيم الفرعي العام | Digital techniques. |
| 9 (RLIN) | 12841 |
| 650 #0 - المدخل الاضافى بالموضوع-مصطلح موضوعى | |
| مصطلح موضوعي أو اسم جغرافي كعنصر مدخل | Image processing |
| التقسيم الفرعي العام | Digital techniques. |
| 9 (RLIN) | 4987 |
| 650 12 - المدخل الاضافى بالموضوع-مصطلح موضوعى | |
| مصطلح موضوعي أو اسم جغرافي كعنصر مدخل | Diagnostic Imaging. |
| 650 12 - المدخل الاضافى بالموضوع-مصطلح موضوعى | |
| مصطلح موضوعي أو اسم جغرافي كعنصر مدخل | Image Processing, Computer-Assisted. |
| 9 (RLIN) | 12842 |
| 650 22 - المدخل الاضافى بالموضوع-مصطلح موضوعى | |
| مصطلح موضوعي أو اسم جغرافي كعنصر مدخل | Medical Informatics Applications. |
| 9 (RLIN) | 4078 |
| 856 41 - الوصول و الموقع الالكترونى | |
| مواد محددة | Table of contents only |
| معرف المصدر الموحد | <a href="http://www.loc.gov/catdir/toc/ecip0823/2008031555.html">http://www.loc.gov/catdir/toc/ecip0823/2008031555.html</a> |
| 942 ## - عناصر المدخل الإضافي( كوها) | |
| مصدر التصنيف او مخطط الترفيف | Dewey Decimal Classification |
| Koha [default] item type | كتاب |
| حالة الفقد | نموذج السعر الفعال | حالة تلف | ليس للاعارة | رقم الطلب | تاريخ الاكتساب | الموقع الحالي | الباركود | الفرع الرئيسي | Date last checked out | Date last seen | نوع المادة فى نظام كوها | مصدر التصنيف او خطة الترفيف | Total Checkouts | Total Renewals |
|---|---|---|---|---|---|---|---|---|---|---|---|---|---|---|
| 2013-03-10 | 616.0754 D G D | 2012-05-09 | المكتبة المركزية بالمجمعة (CL) | 00086037 | المكتبة المركزية بالمجمعة (CL) | 2015-09-17 | 2016-01-06 | كتاب | Dewey Decimal Classification | 1 | ||||
| 2013-03-10 | 616.0754 D G D | 2012-05-09 | المكتبة المركزية بالمجمعة (CL) | 00086038 | المكتبة المركزية بالمجمعة (CL) | 2018-01-03 | 2025-01-01 | كتاب | Dewey Decimal Classification | 1 | 1 |
